[Event "2MCRE_F"]
[Site "?"]
[Date "2003.??.??"]
[Round "?"]
[White "Bucek, Jiri"]
[Black "Priesol, Daniel"]
[Result "1/2-1/2"]
[WhiteElo "2320"]
[BlackElo "2304"]
[PlyCount "35"]
[EventDate "2003.??.??"]
[EventType "corr"]
[SourceDate "2003.09.09"]

1. e4 c5 2. Nf3 d6 3. d4 cxd4 4. Nxd4 Nf6 5. Nc3 a6 6. Bg5 e6 7. f4 Qb6 8. a3
Nbd7 9. Be2 Be7 10. Nb3 h6 11. Bxf6 Bxf6 12. Qd2 Qc7 13. Rd1 Bxc3 14. bxc3 O-O
15. O-O d5 16. exd5 exd5 17. Qxd5 Qxc3 18. Bd3 1/2-1/2

[Event "2MCRE_F"]
[Site "?"]
[Date "2003.??.??"]
[Round "?"]
[White "Pravec, Ladislav"]
[Black "Bucek, Jiri"]
[Result "1/2-1/2"]
[WhiteElo "2302"]
[BlackElo "2320"]
[PlyCount "44"]
[EventDate "2003.??.??"]
[EventType "corr"]
[SourceDate "2003.09.09"]

1. d4 Nf6 2. c4 e6 3. Nf3 b6 4. g3 Ba6 5. b3 Bb4+ 6. Bd2 Be7 7. Bg2 c6 8. Bc3
d5 9. Ne5 Nfd7 10. Nxd7 Nxd7 11. Nd2 O-O 12. O-O Rc8 13. e4 b5 14. Re1 dxc4 15.
bxc4 bxc4 16. Qc2 Qc7 17. Bf1 Rcd8 18. Bxc4 Bxc4 19. Nxc4 Nb6 20. Ne3 c5 21. d5
exd5 22. Nf5 f6 1/2-1/2

[Event "2MCRE_F"]
[Site "?"]
[Date "2003.??.??"]
[Round "?"]
[White "Bucek, Jiri"]
[Black "Kohler, Josef"]
[Result "1-0"]
[WhiteElo "2320"]
[BlackElo "2256"]
[PlyCount "72"]
[EventDate "2003.??.??"]
[EventType "corr"]
[SourceDate "2003.09.09"]

1. d4 Nf6 2. c4 e6 3. Nf3 b6 4. g3 Ba6 5. b3 Bb4+ 6. Bd2 Be7 7. Bg2 c6 8. Bc3
d5 9. Ne5 Nfd7 10. Nxd7 Nxd7 11. Nd2 O-O 12. O-O Rc8 13. e4 b5 14. Re1 dxc4 15.
bxc4 bxc4 16. Qc2 Qc7 17. Bf1 Rcd8 18. Bxc4 Bxc4 19. Nxc4 Nb6 20. Ne3 c5 21. d5
exd5 22. Nf5 f6 23. exd5 Nxd5 24. Rad1 Rfe8 25. Bb2 Nb6 26. Rxd8 Qxd8 27. Qe2
Qd7 28. Qe4 Kf8 29. Ba3 Nd5 30. Rd1 Nc3 31. Rxd7 Nxe4 32. f3 Ng5 33. Nxe7 Nxf3+
34. Kf1 a5 35. Bxc5 Kf7 36. Kg2 Ne5 1-0

[Event "2MCRE_F"]
[Site "?"]
[Date "2003.??.??"]
[Round "?"]
[White "Postl, Rostislav"]
[Black "Bucek, Jiri"]
[Result "1/2-1/2"]
[WhiteElo "2251"]
[BlackElo "2320"]
[PlyCount "28"]
[EventDate "2003.??.??"]
[EventType "corr"]
[SourceDate "2003.09.09"]

1. d4 Nf6 2. c4 e6 3. Nf3 b6 4. g3 Ba6 5. b3 d5 6. Bg2 Nbd7 7. O-O Bd6 8. Nc3
O-O 9. Nd2 c5 10. cxd5 cxd4 11. Nce4 d3 12. exd3 Be5 13. Nxf6+ Nxf6 14. dxe6
Re8 1/2-1/2

[Event "2MCRE_F"]
[Site "?"]
[Date "2003.??.??"]
[Round "?"]
[White "Bucek, Jiri"]
[Black "Privoznik, Lubos"]
[Result "1-0"]
[WhiteElo "2320"]
[BlackElo "2249"]
[PlyCount "58"]
[EventDate "2003.??.??"]
[EventType "corr"]
[SourceDate "2003.09.09"]

1. d4 Nf6 2. c4 e6 3. Nf3 b6 4. g3 Ba6 5. b3 d5 6. Bg2 Nbd7 7. O-O Bd6 8. Nc3
O-O 9. Nd2 c5 10. cxd5 cxd4 11. Nce4 d3 12. exd3 Be5 13. Nxf6+ Nxf6 14. dxe6
Bxa1 15. Ba3 Qxd3 16. e7 Rfe8 17. Bxa8 Bc3 18. Nc4 Bxc4 19. bxc4 Qxc4 20. Qd6
h6 21. Rc1 Rxa8 22. Qd8+ Rxd8 23. exd8=Q+ Kh7 24. Qd1 b5 25. Qc2+ Ne4 26. Kg2
f5 27. f3 b4 28. fxe4 Qxe4+ 29. Qxe4 fxe4 1-0

[Event "2MCRE_F"]
[Site "?"]
[Date "2003.??.??"]
[Round "?"]
[White "Koci, Vladimir"]
[Black "Bucek, Jiri"]
[Result "0-1"]
[WhiteElo "2243"]
[BlackElo "2320"]
[PlyCount "110"]
[EventDate "2003.??.??"]
[EventType "corr"]
[SourceDate "2003.09.09"]

1. d4 Nf6 2. Nf3 e6 3. Bf4 d5 4. e3 c5 5. c3 Nc6 6. Nbd2 Bd6 7. Ne5 Qc7 8. Ndf3
O-O 9. Bd3 Bd7 10. h4 Rac8 11. Rc1 cxd4 12. exd4 Ne4 13. Nxc6 Bxc6 14. Bxd6
Nxd6 15. h5 h6 16. Ne5 Bb5 17. Bxb5 Nxb5 18. Qg4 Nd6 19. O-O Nc4 20. Qe2 Nxe5
21. Qxe5 Qxe5 22. dxe5 b5 23. f3 Rc4 24. Kf2 Rfc8 25. Ke2 f6 26. Kd2 fxe5 27.
Rfe1 Kf7 28. Rxe5 b4 29. Kd3 R8c6 30. g3 Kf6 31. f4 Ra6 32. b3 Rxc3+ 33. Rxc3
bxc3 34. Re2 Rc6 35. Rc2 Kf5 36. b4 Kg4 37. b5 Rc5 38. a4 Rc4 39. Rxc3 Rxa4 40.
Rc6 Kxg3 41. Rxe6 Kxf4 42. Rd6 Ke5 43. Rd7 Ra3+ 44. Kc2 Ra5 45. Rxg7 Rxb5 46.
Rxa7 Rb6 47. Kc3 Rf6 48. Re7+ Kf4 49. Kd4 Rf5 50. Re1 Rxh5 51. Rf1+ Kg3 52.
Rg1+ Kf2 53. Rg6 Rh4+ 54. Kxd5 h5 55. Rf6+ Kg3 0-1

[Event "2MCRE_F"]
[Site "?"]
[Date "2003.??.??"]
[Round "?"]
[White "Bucek, Jiri"]
[Black "Thoma, Otomar"]
[Result "1/2-1/2"]
[WhiteElo "2320"]
[BlackElo "2206"]
[PlyCount "47"]
[EventDate "2003.??.??"]
[EventType "corr"]
[SourceDate "2003.09.09"]

1. d4 Nf6 2. Nf3 e6 3. Bf4 d5 4. e3 c5 5. c3 Nc6 6. Nbd2 Bd6 7. Ne5 Qc7 8. Ndf3
O-O 9. Bd3 Bd7 10. h4 Rac8 11. Rc1 cxd4 12. exd4 Ne4 13. Nxc6 Bxc6 14. Bxd6
Nxd6 15. h5 h6 16. Ne5 Bb5 17. Bxb5 Nxb5 18. Qg4 Nd6 19. O-O Nc4 20. Qe2 Nxe5
21. Qxe5 Qxe5 22. dxe5 b5 23. f3 Rc4 24. Kf2 1/2-1/2

[Event "2MCRE_F"]
[Site "?"]
[Date "2003.??.??"]
[Round "?"]
[White "Vozda, Jindrich"]
[Black "Bucek, Jiri"]
[Result "1-0"]
[WhiteElo "2494"]
[BlackElo "2320"]
[PlyCount "61"]
[EventDate "2003.??.??"]
[EventType "corr"]
[SourceDate "2003.09.09"]

1. e4 e6 2. d4 d5 3. Nc3 Bb4 4. e5 c5 5. a3 Ba5 6. b4 cxd4 7. Qg4 Ne7 8. bxa5
dxc3 9. Qxg7 Rg8 10. Qxh7 Qxa5 11. Nf3 Nbc6 12. Ng5 Nxe5 13. f4 f6 14. fxe5
fxg5 15. Be3 Qa4 16. h4 Qg4 17. Bxg5 Rxg5 18. hxg5 Qg3+ 19. Kd1 Qe3 20. Bb5+
Kd8 21. Qd3 Qxe5 22. Qf3 Qd4+ 23. Kc1 Kc7 24. Qf6 Nc6 25. Qxd4 Nxd4 26. Rh8 e5
27. a4 a6 28. g6 Nf5 29. Bd3 e4 30. Ra3 exd3 31. Rxc3+ 1-0

[Event "2MCRE_F"]
[Site "?"]
[Date "2003.??.??"]
[Round "?"]
[White "Bucek, Jiri"]
[Black "Sykora, Josef"]
[Result "1/2-1/2"]
[WhiteElo "2320"]
[BlackElo "2365"]
[PlyCount "59"]
[EventDate "2003.??.??"]
[EventType "corr"]
[SourceDate "2003.09.09"]

1. e4 e6 2. d4 d5 3. Nd2 Nf6 4. e5 Nfd7 5. c3 c5 6. Ngf3 Nc6 7. Bd3 Qb6 8. O-O
cxd4 9. cxd4 Nxd4 10. Nxd4 Qxd4 11. Nf3 Qb6 12. Rb1 a5 13. Be3 Bc5 14. Re1 Bxe3
15. Rxe3 f5 16. Rc1 O-O 17. Bf1 a4 18. Rec3 Rd8 19. Qd2 Nf8 20. h4 Bd7 21. h5
Rdc8 22. Rxc8 Rxc8 23. Rxc8 Bxc8 24. h6 gxh6 25. Qxh6 Ng6 26. Qg5 Qc7 27. b3
Bd7 28. b4 Be8 29. b5 b6 30. Qe3 1/2-1/2

[Event "2MCRE_F"]
[Site "?"]
[Date "2003.??.??"]
[Round "?"]
[White "Prepiora, Vaclav"]
[Black "Bucek, Jiri"]
[Result "1/2-1/2"]
[WhiteElo "2362"]
[BlackElo "2320"]
[PlyCount "60"]
[EventDate "2003.??.??"]
[EventType "corr"]
[SourceDate "2003.09.09"]

1. e4 e6 2. d4 d5 3. Nd2 Nf6 4. e5 Nfd7 5. c3 c5 6. Ngf3 Nc6 7. Bd3 Qb6 8. O-O
cxd4 9. cxd4 Nxd4 10. Nxd4 Qxd4 11. Nf3 Qb6 12. Rb1 a5 13. Be3 Bc5 14. Re1 Bxe3
15. Rxe3 f5 16. Rc1 O-O 17. Bf1 a4 18. Rec3 Rd8 19. Qd2 Nf8 20. h4 Bd7 21. h5
Rdc8 22. Rxc8 Rxc8 23. Rxc8 Bxc8 24. h6 gxh6 25. Qxh6 Ng6 26. Qg5 Qc7 27. b3
Bd7 28. b4 Be8 29. b5 b6 30. Qe3 Bd7 1/2-1/2

[Event "2MCRE_F"]
[Site "?"]
[Date "2003.??.??"]
[Round "?"]
[White "Bucek, Jiri"]
[Black "Alexa, Jaroslav"]
[Result "1/2-1/2"]
[WhiteElo "2320"]
[BlackElo "2362"]
[PlyCount "57"]
[EventDate "2003.??.??"]
[EventType "corr"]
[SourceDate "2003.09.09"]

1. d4 d5 2. Nf3 c6 3. c4 e6 4. Qc2 dxc4 5. Qxc4 Nf6 6. Nc3 b5 7. Qd3 a6 8. e4
c5 9. dxc5 Qxd3 10. Bxd3 Bxc5 11. e5 Nfd7 12. Be4 Ra7 13. Bf4 O-O 14. Rc1 Bb7
15. Bxb7 Rxb7 16. Ne4 Rc7 17. Ke2 Rfc8 18. Rhd1 Bb6 19. Rxc7 Rxc7 20. Be3 Rc2+
21. Kd3 Rxb2 22. Kc3 Re2 23. Ng3 Rxe3+ 24. fxe3 Bxe3 25. Kc2 Kf8 26. Rd3 Bb6
27. Rc3 Nc5 28. Ne4 Nbd7 29. Nd4 1/2-1/2

[Event "2MCRE_F"]
[Site "?"]
[Date "2003.??.??"]
[Round "?"]
[White "Brousek, Jiri"]
[Black "Bucek, Jiri"]
[Result "1/2-1/2"]
[WhiteElo "2361"]
[BlackElo "2320"]
[PlyCount "40"]
[EventDate "2003.??.??"]
[EventType "corr"]
[SourceDate "2003.09.09"]

1. d4 d5 2. Nf3 c6 3. c4 e6 4. Qc2 dxc4 5. Qxc4 Nf6 6. Nc3 b5 7. Qd3 a6 8. e4
c5 9. dxc5 Qxd3 10. Bxd3 Bxc5 11. e5 Nfd7 12. Be4 Ra7 13. Bf4 O-O 14. Rc1 Bb7
15. Bxb7 Rxb7 16. Ne4 Rc7 17. Ke2 Rfc8 18. Rhd1 Bb6 19. Rxc7 Rxc7 20. Be3 Rc2+
1/2-1/2

[Event "2MCRE_F"]
[Site "?"]
[Date "2003.??.??"]
[Round "?"]
[White "Bucek, Jiri"]
[Black "Gubas, Jan"]
[Result "1-0"]
[WhiteElo "2320"]
[BlackElo "2347"]
[PlyCount "65"]
[EventDate "2003.??.??"]
[EventType "corr"]
[SourceDate "2003.09.09"]

1. e4 e6 2. d4 d5 3. Nc3 Bb4 4. e5 c5 5. a3 Ba5 6. b4 cxd4 7. Qg4 Ne7 8. bxa5
dxc3 9. Qxg7 Rg8 10. Qxh7 Qxa5 11. Nf3 Nbc6 12. Ng5 Nxe5 13. f4 f6 14. fxe5
fxg5 15. Qh5+ Kd7 16. Bxg5 Qc5 17. h4 Kc7 18. Qf3 Rxg5 19. hxg5 Bd7 20. Bd3 Qd4
21. Qf6 Ng8 22. Qf2 Qxe5+ 23. Kf1 Ne7 24. g6 Qd6 25. Rh7 e5 26. Rb1 b6 27. Qf7
Re8 28. Bb5 Kc8 29. g7 Rg8 30. Rh8 Be6 31. Rxg8+ Nxg8 32. Qxa7 Kd8 33. Be2 1-0

[Event "2MCRE_F"]
[Site "?"]
[Date "2003.??.??"]
[Round "?"]
[White "Firla, Stanislav"]
[Black "Bucek, Jiri"]
[Result "1/2-1/2"]
[WhiteElo "2344"]
[BlackElo "2320"]
[PlyCount "36"]
[EventDate "2003.??.??"]
[EventType "corr"]
[SourceDate "2003.09.09"]

1. e4 c5 2. Nf3 d6 3. d4 cxd4 4. Nxd4 Nf6 5. Nc3 a6 6. Bg5 e6 7. f4 Qb6 8. a3
Nbd7 9. Be2 Be7 10. Nb3 h6 11. Bxf6 Bxf6 12. Qd2 Nc5 13. O-O-O Qxb3 14. Qxd6
Nxe4 15. cxb3 Nxd6 16. Rxd6 Be7 17. Rd3 Bd7 18. Bf3 O-O-O 1/2-1/2

[Event "2MCRE_F"]
[Site "?"]
[Date "2003.??.??"]
[Round "?"]
[White "Bucek, Jiri"]
[Black "Pytlik, Lesek"]
[Result "1/2-1/2"]
[WhiteElo "2320"]
[BlackElo "2316"]
[PlyCount "43"]
[EventDate "2003.??.??"]
[EventType "corr"]
[SourceDate "2003.09.09"]

1. e4 c6 2. d4 d5 3. exd5 cxd5 4. c3 Nc6 5. Bd3 Nf6 6. Bf4 Bg4 7. Qb3 Qd7 8.
Nd2 e6 9. Ngf3 Bd6 10. Bxd6 Qxd6 11. O-O O-O 12. Rae1 Bxf3 13. Nxf3 Rfb8 14.
Ne5 b5 15. g4 b4 16. g5 Nd7 17. Nxc6 Qxc6 18. c4 dxc4 19. Qc2 Rb5 20. f4 Rc8
21. Bxh7+ Kf8 22. Be4 1/2-1/2

[Event "2MCRE_F"]
[Site "?"]
[Date "2003.??.??"]
[Round "?"]
[White "Hybl, Vladislav"]
[Black "Bucek, Jiri"]
[Result "1/2-1/2"]
[WhiteElo "2309"]
[BlackElo "2320"]
[PlyCount "32"]
[EventDate "2003.??.??"]
[EventType "corr"]
[SourceDate "2003.09.09"]

1. e4 c6 2. d4 d5 3. exd5 cxd5 4. c3 Nc6 5. Bd3 Nf6 6. Bf4 Bg4 7. Qb3 Qd7 8.
Nd2 e6 9. Ngf3 Bd6 10. Bxd6 Qxd6 11. Qxb7 Rb8 12. Qa6 O-O 13. O-O Rb6 14. Qa3
Qxa3 15. bxa3 Bxf3 16. Nxf3 Rc8 1/2-1/2

[Event "2MCRE_F"]
[Site "?"]
[Date "2003.??.??"]
[Round "?"]
[White "Postl, Rostislav"]
[Black "Pravec, Ladislav"]
[Result "1/2-1/2"]
[WhiteElo "2251"]
[BlackElo "2302"]
[PlyCount "56"]
[EventDate "2003.??.??"]
[EventType "corr"]
[SourceDate "2003.09.09"]

1. d4 Nf6 2. c4 g6 3. Nc3 d5 4. cxd5 Nxd5 5. e4 Nxc3 6. bxc3 Bg7 7. Nf3 c5 8.
Rb1 O-O 9. Be2 Qa5 10. O-O Qxa2 11. Bg5 cxd4 12. cxd4 Re8 13. Bb5 Bd7 14. Bxd7
Nxd7 15. Rxb7 Nf6 16. Re1 a5 17. Ne5 Rab8 18. Rc7 Rec8 19. Rc6 Rxc6 20. Nxc6
Rb2 21. Nxe7+ Kf8 22. Bh4 g5 23. Nf5 gxh4 24. Qc1 Ne8 25. Qc5+ Kg8 26. Ne7+ Kf8
27. Nf5+ Kg8 28. Ne7+ Kf8 1/2-1/2

[Event "2MCRE_F"]
[Site "?"]
[Date "2003.??.??"]
[Round "?"]
[White "Postl, Rostislav"]
[Black "Gubas, Jan"]
[Result "1/2-1/2"]
[WhiteElo "2251"]
[BlackElo "2347"]
[PlyCount "96"]
[EventDate "2003.??.??"]
[EventType "corr"]
[SourceDate "2003.09.09"]

1. d4 d5 2. c4 c6 3. Nf3 Nf6 4. Nc3 e6 5. e3 Nbd7 6. Bd3 dxc4 7. Bxc4 b5 8. Bd3
Bb7 9. O-O a6 10. e4 c5 11. d5 c4 12. Bc2 Bc5 13. Qe2 Qb6 14. dxe6 Qxe6 15. e5
Nd5 16. Ne4 Be7 17. Neg5 Bxg5 18. Nxg5 Qxe5 19. Qxe5+ Nxe5 20. Re1 f6 21. f4
fxg5 22. Rxe5+ Kf7 23. Rf5+ Kg8 24. Bd2 Re8 25. Rxg5 Kf7 26. Rd1 Re2 27. Bc3
Rxc2 28. Rxg7+ Ke6 29. Re1+ Kd6 30. Rxb7 Nxc3 31. bxc3 Rxc3 32. Rb6+ Kc5 33.
Rxa6 Rd3 34. Re5+ Rd5 35. Re2 c3 36. Kf2 Rhd8 37. Ra7 R5d7 38. Rxd7 Rxd7 39. f5
Kc4 40. Ke1 b4 41. f6 b3 42. axb3+ Kxb3 43. Re8 c2 44. Rb8+ Kc3 45. Rc8+ Kd3
46. g4 Rb7 47. Rd8+ Kc3 48. Rc8+ Kd3 1/2-1/2

[Event "2MCRE_F"]
[Site "?"]
[Date "2003.??.??"]
[Round "?"]
[White "Gubas, Jan"]
[Black "Pytlik, Lesek"]
[Result "1/2-1/2"]
[WhiteElo "2347"]
[BlackElo "2316"]
[PlyCount "53"]
[EventDate "2003.??.??"]
[EventType "corr"]
[SourceDate "2003.09.09"]

1. e4 c6 2. d4 d5 3. Nc3 dxe4 4. Nxe4 Bf5 5. Ng3 Bg6 6. c3 e6 7. N1e2 Nf6 8.
Nf4 Bd6 9. Bc4 Nbd7 10. Qf3 Nb6 11. Bb3 Nbd5 12. Nxg6 hxg6 13. Bd2 Qc7 14. c4
Ne7 15. O-O-O O-O-O 16. Ne4 Nf5 17. Nxd6+ Qxd6 18. Bf4 Qe7 19. Qc3 Ng4 20. Rd2
g5 21. Bg3 Nf6 22. Re1 Nxg3 23. Qxg3 g4 24. d5 Qb4 25. a3 Qd6 26. Qxd6 Rxd6 27.
dxe6 1/2-1/2

[Event "2MCRE_F"]
[Site "?"]
[Date "2003.??.??"]
[Round "?"]
[White "Pravec, Ladislav"]
[Black "Gubas, Jan"]
[Result "1/2-1/2"]
[WhiteElo "2302"]
[BlackElo "2347"]
[PlyCount "64"]
[EventDate "2003.??.??"]
[EventType "corr"]
[SourceDate "2003.09.09"]

1. d4 d5 2. c4 c6 3. Nf3 Nf6 4. Nc3 e6 5. e3 Nbd7 6. Bd3 dxc4 7. Bxc4 b5 8. Bd3
Bb7 9. O-O a6 10. e4 c5 11. d5 c4 12. Bc2 Bc5 13. dxe6 fxe6 14. Qe2 e5 15. Rd1
Ng4 16. Rf1 Ngf6 17. Rd1 O-O 18. Be3 Qb6 19. Bxc5 Qxc5 20. b3 Kh8 21. bxc4 Rac8
22. Rac1 Nb6 23. Bd3 bxc4 24. Bc2 Bc6 25. Qd2 Nbd7 26. Qd6 Qa5 27. Bb1 Rfe8 28.
a3 Nb6 29. Ng5 Kg8 30. Ne6 Na4 31. Nd5 Bxd5 32. Rxd5 Qb6 1/2-1/2

[Event "2MCRE_F"]
[Site "?"]
[Date "2003.??.??"]
[Round "?"]
[White "Brousek, Jiri"]
[Black "Hybl, Vladislav"]
[Result "1/2-1/2"]
[WhiteElo "2361"]
[BlackElo "2309"]
[PlyCount "38"]
[EventDate "2003.??.??"]
[EventType "corr"]
[SourceDate "2003.09.09"]

1. d4 Nf6 2. Nf3 g6 3. Nc3 d5 4. Bf4 Bg7 5. e3 O-O 6. Be2 c5 7. Ne5 Nc6 8. O-O
cxd4 9. exd4 Nd7 10. Nxd5 Ndxe5 11. dxe5 Nxe5 12. Re1 Be6 13. c4 b5 14. Bxe5
Bxe5 15. Bf3 Bxb2 16. Rb1 Ba3 17. cxb5 Rc8 18. Qa4 Bc5 19. Red1 Bxd5 1/2-1/2

[Event "2MCRE_F"]
[Site "?"]
[Date "2003.??.??"]
[Round "?"]
[White "Hybl, Vladislav"]
[Black "Priesol, Daniel"]
[Result "1-0"]
[WhiteElo "2309"]
[BlackElo "2304"]
[PlyCount "67"]
[EventDate "2003.??.??"]
[EventType "corr"]
[SourceDate "2003.09.09"]

1. e4 c5 2. Nf3 d6 3. d4 cxd4 4. Nxd4 Nf6 5. Nc3 a6 6. Be2 e5 7. Nb3 Be7 8. O-O
O-O 9. Be3 Be6 10. Nd5 Nbd7 11. Qd3 Bxd5 12. exd5 Re8 13. c4 Bf8 14. Rac1 g6
15. Nd2 Bg7 16. b4 e4 17. Qb3 a5 18. a3 axb4 19. axb4 b6 20. Rfe1 Qc7 21. Nb1
Ne5 22. Nc3 Neg4 23. Nb5 Qd8 24. Bf4 Ne5 25. Qe3 h6 26. h3 Ra4 27. Rb1 Kh7 28.
Ra1 Rxb4 29. Bxe5 dxe5 30. Na7 Nxd5 31. cxd5 Qxd5 32. Red1 Qc5 33. Qxc5 bxc5
34. Rd7 1-0

[Event "2MCRE_F"]
[Site "?"]
[Date "2003.??.??"]
[Round "?"]
[White "Brousek, Jiri"]
[Black "Postl, Rostislav"]
[Result "1-0"]
[WhiteElo "2361"]
[BlackElo "2251"]
[PlyCount "111"]
[EventDate "2003.??.??"]
[EventType "corr"]
[SourceDate "2003.09.09"]

1. d4 d5 2. Nf3 Nf6 3. e3 c5 4. dxc5 Qa5+ 5. Nbd2 Qxc5 6. a3 Bg4 7. c4 dxc4 8.
Bxc4 Nc6 9. b4 Qh5 10. Bb2 Rd8 11. Qa4 Nd5 12. b5 Nb6 13. Bxf7+ Kxf7 14. Qf4+
Kg8 15. bxc6 bxc6 16. Ne5 Bc8 17. Rc1 Ba6 18. Ndf3 Rd6 19. Qe4 e6 20. Bd4 Qe8
21. Qg4 Rd5 22. Rxc6 Bxa3 23. Qxe6+ Qxe6 24. Rxe6 Bb5 25. Kd2 Bb4+ 26. Kc2 Nd7
27. e4 Rd6 28. Re8+ Nf8 29. Rc8 a5 30. Bc3 h5 31. Bxb4 axb4 32. Rb8 Ba4+ 33.
Kb2 Rhh6 34. Ra1 Bc6 35. Rxb4 Rd8 36. Ra7 Rf6 37. Kc3 Be8 38. Rbb7 Ne6 39. Re7
Kf8 40. Nc4 Nc5 41. Re5 Na4+ 42. Kb3 Nb6 43. Ng5 Kg8 44. f4 Rb8 45. Nxb6 Rfxb6+
46. Kc4 Rb2 47. h4 R8b4+ 48. Kc5 Rb8 49. f5 Rd8 50. Rd5 Rc8+ 51. Kd4 Rxg2 52.
Re5 Rd8+ 53. Ke3 Rg3+ 54. Kf4 Rg4+ 55. Kf3 Bc6 56. Ree7 1-0

[Event "2MCRE_F"]
[Site "?"]
[Date "2003.??.??"]
[Round "?"]
[White "Brousek, Jiri"]
[Black "Gubas, Jan"]
[Result "1/2-1/2"]
[WhiteElo "2361"]
[BlackElo "2347"]
[PlyCount "75"]
[EventDate "2003.??.??"]
[EventType "corr"]
[SourceDate "2003.09.09"]

1. d4 d5 2. Nf3 Nf6 3. e3 g6 4. c4 Bg7 5. Nc3 O-O 6. Qb3 e6 7. Be2 c6 8. O-O
Nbd7 9. Qc2 b6 10. cxd5 exd5 11. Bd3 Re8 12. a4 c5 13. b3 Bb7 14. Bb2 Rc8 15.
Qe2 Ne4 16. Bb5 a6 17. Bxa6 cxd4 18. Nxe4 d3 19. Nf6+ Qxf6 20. Qd2 Qxb2 21.
Qxb2 Bxb2 22. Bxb7 Bxa1 23. Bxc8 Rxc8 24. Rxa1 Nf6 25. Rd1 Ne4 26. Kf1 Rc2 27.
Rxd3 Rxf2+ 28. Kg1 Rb2 29. h3 Rb1+ 30. Kh2 Kg7 31. Ne5 f5 32. Rxd5 Rxb3 33. Rb5
Rxb5 34. axb5 Nc3 35. Nc4 Nxb5 36. g4 Nc3 37. Nxb6 Ne4 38. Kg2 1/2-1/2

[Event "2MCRE_F"]
[Site "?"]
[Date "2003.??.??"]
[Round "?"]
[White "Gubas, Jan"]
[Black "Priesol, Daniel"]
[Result "1/2-1/2"]
[WhiteElo "2347"]
[BlackElo "2304"]
[PlyCount "30"]
[EventDate "2003.??.??"]
[EventType "corr"]
[SourceDate "2003.09.09"]

1. e4 e5 2. Nf3 Nf6 3. Nc3 Nc6 4. Bb5 Bb4 5. O-O O-O 6. d3 Bxc3 7. bxc3 d6 8.
Bg5 h6 9. Bh4 Qe7 10. Nd2 Nd8 11. Bc4 Ne6 12. Bxe6 Qxe6 13. Bg3 Qg4 14. Qxg4
Bxg4 15. h3 Be6 1/2-1/2

[Event "2MCRE_F"]
[Site "?"]
[Date "2003.??.??"]
[Round "?"]
[White "Koci, Vladimir"]
[Black "Thoma, Otomar"]
[Result "0-1"]
[WhiteElo "2243"]
[BlackElo "2206"]
[PlyCount "32"]
[EventDate "2003.??.??"]
[EventType "corr"]
[SourceDate "2003.09.09"]

1. d4 Nf6 2. Nf3 e6 3. Bf4 b6 4. e3 Bb7 5. Nbd2 Be7 6. c3 d6 7. Be2 Nbd7 8. Qc2
c5 9. h3 O-O 10. g4 cxd4 11. exd4 e5 12. Bg3 exd4 13. cxd4 Rc8 14. Qf5 Nd5 15.
Ba6 Bxa6 16. Qxd5 Re8 0-1

[Event "2MCRE_F"]
[Site "?"]
[Date "2003.??.??"]
[Round "?"]
[White "Priesol, Daniel"]
[Black "Vozda, Jindrich"]
[Result "0-1"]
[WhiteElo "2304"]
[BlackElo "2494"]
[PlyCount "78"]
[EventDate "2003.??.??"]
[EventType "corr"]
[SourceDate "2003.09.09"]

1. e4 e6 2. d4 d5 3. Nc3 Bb4 4. Nge2 dxe4 5. a3 Bxc3+ 6. Nxc3 Nc6 7. d5 exd5 8.
Qxd5 Be6 9. Qxe4 Nf6 10. Qh4 Qe7 11. Be3 O-O-O 12. Bb5 Nd5 13. Qxe7 Ndxe7 14.
O-O a6 15. Be2 Nf5 16. Bf4 Nfd4 17. Bd3 Bf5 18. Bxf5+ Nxf5 19. Rfd1 h6 20. Kf1
g5 21. Bd2 Nfd4 22. Rac1 Rhe8 23. Be3 Nf5 24. Rxd8+ Rxd8 25. h3 Nxe3+ 26. fxe3
f5 27. Ke2 Kd7 28. Na4 b6 29. Rd1+ Ke6 30. Rxd8 Nxd8 31. Nc3 Nf7 32. g3 Nd6 33.
Nd1 Ne4 34. g4 Kf6 35. a4 Kg6 36. Nf2 Nxf2 37. Kxf2 fxg4 38. hxg4 h5 39. gxh5+
Kxh5 0-1

[Event "2MCRE_F"]
[Site "?"]
[Date "2003.??.??"]
[Round "?"]
[White "Sykora, Josef"]
[Black "Prepiora, Vaclav"]
[Result "1/2-1/2"]
[WhiteElo "2365"]
[BlackElo "2362"]
[PlyCount "68"]
[EventDate "2003.??.??"]
[EventType "corr"]
[SourceDate "2003.09.09"]

1. e4 c5 2. Nf3 d6 3. d4 cxd4 4. Nxd4 Nf6 5. Nc3 Nc6 6. Bg5 e6 7. Qd2 a6 8.
O-O-O h6 9. Be3 Be7 10. f4 Nxd4 11. Bxd4 b5 12. Qe3 Bb7 13. Bxf6 Bxf6 14. e5
Be7 15. exd6 Bxd6 16. Ne4 Bxe4 17. Qxe4 O-O 18. Bd3 g6 19. h4 Qf6 20. Rdf1 Qf5
21. Qe3 Qc5 22. Qd2 Rad8 23. g4 e5 24. f5 e4 25. Bxe4 Be5 26. Bd3 Qd4 27. fxg6
Qxb2+ 28. Kd1 fxg6 29. Qxh6 Bg7 30. Qxg6 Qb1+ 31. Ke2 Rde8+ 32. Kd2 Qb4+ 33.
Kd1 Qb1+ 34. Kd2 Qb4+ 1/2-1/2

[Event "2MCRE_F"]
[Site "?"]
[Date "2003.??.??"]
[Round "?"]
[White "Pravec, Ladislav"]
[Black "Alexa, Jaroslav"]
[Result "1/2-1/2"]
[WhiteElo "2302"]
[BlackElo "2362"]
[PlyCount "42"]
[EventDate "2003.??.??"]
[EventType "corr"]
[SourceDate "2003.09.09"]

1. d4 Nf6 2. c4 e6 3. Nf3 b6 4. g3 Ba6 5. b3 Bb4+ 6. Bd2 Be7 7. Bg2 c6 8. Bc3
d5 9. Nbd2 Nbd7 10. O-O O-O 11. Re1 c5 12. e4 dxe4 13. Ng5 cxd4 14. Bxd4 Bb7
15. Ndxe4 Qc7 16. Nxf6+ Bxf6 17. Bxf6 Nxf6 18. Bxb7 Qxb7 19. Qf3 Qc7 20. Rad1
Rad8 21. Ne4 Nxe4 1/2-1/2

[Event "2MCRE_F"]
[Site "?"]
[Date "2003.??.??"]
[Round "?"]
[White "Thoma, Otomar"]
[Black "Kohler, Josef"]
[Result "1-0"]
[WhiteElo "2206"]
[BlackElo "2256"]
[PlyCount "55"]
[EventDate "2003.??.??"]
[EventType "corr"]
[SourceDate "2003.09.09"]

1. d4 Nf6 2. c4 e6 3. Nf3 b6 4. g3 Ba6 5. b3 Bb4+ 6. Bd2 Be7 7. Bg2 c6 8. Bc3
d5 9. Nbd2 Nbd7 10. O-O O-O 11. Re1 c5 12. e4 dxe4 13. Nxe4 Bb7 14. Nfg5 cxd4
15. Bxd4 Qc7 16. Nxf6+ Bxf6 17. Bxb7 Qxb7 18. Ne4 Be7 19. Qf3 Rab8 20. Rad1 e5
21. Bb2 f5 22. Qd3 fxe4 23. Qxd7 Bc5 24. Qxb7 Rxb7 25. Re2 Rbf7 26. Rdd2 e3 27.
fxe3 Bxe3+ 28. Rxe3 1-0

[Event "2MCRE_F"]
[Site "?"]
[Date "2003.??.??"]
[Round "?"]
[White "Sykora, Josef"]
[Black "Brousek, Jiri"]
[Result "1-0"]
[WhiteElo "2365"]
[BlackElo "2361"]
[PlyCount "89"]
[EventDate "2003.??.??"]
[EventType "corr"]
[SourceDate "2003.09.09"]

1. e4 e6 2. d4 d5 3. Nc3 dxe4 4. Nxe4 Bd7 5. Nf3 Bc6 6. Bd3 Nd7 7. O-O Ngf6 8.
Ng3 Be7 9. b3 O-O 10. Bb2 b6 11. c4 Bb7 12. Qe2 c5 13. Rad1 Qc7 14. Bb1 cxd4
15. Rxd4 Rfd8 16. Rfd1 Nc5 17. Bc2 Rxd4 18. Nxd4 Rd8 19. b4 Ncd7 20. Nxe6 fxe6
21. Qxe6+ Kf8 22. Nf5 Bxb4 23. Nxg7 Be7 24. Re1 Nc5 25. Bxf6 Nxe6 26. Nxe6+ Kf7
27. Nxc7 Kxf6 28. Bb3 Bc5 29. Nd5+ Kf7 30. g3 h6 31. Kf1 Bc8 32. Kg2 Be6 33.
Bc2 Rd6 34. Rd1 b5 35. Bb3 bxc4 36. Bxc4 Kg7 37. Bb3 a5 38. Nf4 Bd7 39. Rxd6
Bxd6 40. Kf3 a4 41. Bc4 Bc6+ 42. Bd5 Bd7 43. Ke4 Kf6 44. Bc4 Bc6+ 45. Nd5+ 1-0

[Event "2MCRE_F"]
[Site "?"]
[Date "2003.??.??"]
[Round "?"]
[White "Kohler, Josef"]
[Black "Brousek, Jiri"]
[Result "1/2-1/2"]
[WhiteElo "2256"]
[BlackElo "2361"]
[PlyCount "79"]
[EventDate "2003.??.??"]
[EventType "corr"]
[SourceDate "2003.09.09"]

1. c4 e5 2. Nc3 d6 3. g3 g6 4. Bg2 Bg7 5. d3 Ne7 6. e4 O-O 7. Nge2 Nbc6 8. O-O
f5 9. Nd5 h6 10. Be3 Kh7 11. Qd2 Be6 12. Rae1 Qd7 13. b4 fxe4 14. dxe4 a6 15.
a4 Ng8 16. b5 Nce7 17. f4 axb5 18. axb5 Nxd5 19. exd5 Bh3 20. fxe5 Rxf1+ 21.
Rxf1 dxe5 22. Nc3 Nf6 23. Bxh3 Qxh3 24. Bc5 Qg4 25. Qd3 b6 26. Be7 Ne8 27. Kg2
Qd4 28. Qxd4 exd4 29. Ne4 Ra2+ 30. Rf2 Ra1 31. Kf3 Rc1 32. Ra2 Rxc4 33. Ra8 d3
34. Nd2 Rc2 35. Ke3 Kg8 36. d6 cxd6 37. Rxe8+ Kf7 38. Rb8 Kxe7 39. Rb7+ Kf8 40.
Rxb6 1/2-1/2